000 00593nam a2200205 a 4500
001 000008588
005 20240412074207.0
008 090917s1989 dr 000 p spa d
040 _aDO-SdBNP
082 _aRD861.44
_bR696h
100 1 _aRodríguez, José
_923002
245 1 0 _aHumor y sátira /
_cJosé Rodríguez.
260 _aSanto Domingo :
_bTele-3,
_c1989.
300 _a206 p. ;
_c21 cm.
650 4 _aSonetos dominicanos
_910208
650 4 _aPoesía humorística dominicana
_923003
650 4 _aSátira dominicana
_922186
650 0 _aLiteratura dominicana.
_967
049 _aBNPD
999 _c8358
_d8358